00000000nam 2200000zi 4500
0019.947470
003CaOODSP
00520250128153811
006m     o  d f      
007cr mn|||||||||
008250128e199201  onc     o    f000 0 eng d
020 |z0662198859
040 |aCaOODSP|beng|erda|cCaOODSP
043 |an-cn---
0861 |aZ1-1989/1-41-12E-PDF|zZ1-1989/1-41-12E
24500|aAnalysis of national highway system proposals : |bfinal report / |cprepared by: ADI Limited.
264 1|a[Ottawa] : |b[Royal Commission on National Passenger Transportation], |cJanuary 1992.
264 4|c©1992
300 |a1 online resource (1 volume (various pagings))
336 |atext|btxt|2rdacontent
337 |acomputer|bc|2rdamedia
338 |aonline resource|bcr|2rdacarrier
500 |aIssued also in French under title: Analyse des propositions sur le réseau routier national : rapport final.
500 |a"Report Prepared for the Research Division, Royal Commission on National Passenger Transportation."
500 |a"RR-12."
500 |a"Project No. 3207-1."
500 |aDigitized edition from print [produced by Government of Canada Publications Directorate].
650 0|aRoads|zCanada|xDesign and construction.
650 0|aRoads|zCanada|xMaintenance and repair.
650 0|aHighway planning|zCanada.
7101 |aCanada. |bRoyal Commission on National Passenger Transportation. |bResearch Division, |eissuing body.
7102 |aADI Limited, |econsultant.
77508|tAnalyse des propositions sur le réseau routier national : |w(CaOODSP)9.947473
85640|qPDF|s2.98 MB|uhttps://publications.gc.ca/collections/collection_2025/bcp-pco/Z1-1989-1-41-12-eng.pdf